Sudden Death: OK Computer Songs - Statistics

General Stats
  • This quiz has been taken 26 times
  • The average score is 7 of 12
Answers on the Grid
Answers color-coded by a green-red scale on the quiz's grid according to % correct below.
Just
Lucky
Creep
15 Step
Lotus Flower
Paranoid Android
Airbag
My Iron Lung
Fake Plastic Trees
Karma Police
Pulk/Pull Revolving Doors
Optimistic
Fitter Happier
Nude
No Surprises
Let Down
Blow Out
High and Dry
Street Spirit (Fade Out)
Electioneering
The Tourist
Daydreaming
Talk Show Host
Vegetable
Climbing Up the Walls
The National Anthem
Subterranean Homesick Alien
2 + 2 = 5
A Punch Up At a Wedding
Exit Music (For a Film)
Codex
Everything In Its Right Place
 
Answer Stats
Answer % Correct
Paranoid Android
94%
Airbag
82%
Karma Police
76%
Exit Music (For a Film)
71%
No Surprises
71%
Let Down
59%
Subterranean Homesick Alien
59%
Lucky
53%
Climbing Up the Walls
47%
Electioneering
41%
Fitter Happier
41%
The Tourist
41%
No matching quizzes found
Score Distribution
Percent of People with Each Score
Percentile by Number Answered
Your Score History
You have not taken this quiz